[Event "FRA-chT2"]
[Site "France"]
[Date "2002.01.19"]
[Round "5.8"]
[White "Gouvart, Michel"]
[Black "Glod, Philippe"]
[Result "0-1"]
[WhiteElo "1680"]
[BlackElo "2178"]
[PlyCount "154"]
[EventDate "2002.??.??"]
[EventType "team"]
[EventRounds "11"]
[EventCountry "FRA"]
[SourceTitle "EXT 2003"]
[Source "ChessBase"]
[SourceDate "2002.11.25"]
[SourceVersion "1"]
[SourceVersionDate "2002.11.25"]
[SourceQuality "1"]

1. e4 e5 2. Nc3 Nc6 3. Bc4 Nf6 4. d3 Na5 5. Bg5 Nxc4 6. dxc4 h6 7. Bxf6 Qxf6 8. Nd5 Qd8 9. Nf3 c6 10. Ne3 d6 11. 0-0 Qb6 12. b3 Be7 13. Qe2 0-0 14. Rad1 Be6 15. g4 g6 16. Kh1 a5 17. a4 Qc7 18. Rg1 Rad8 19. h3 Kh7 20. Rg3 Rg8 21. h4 b6 22. Kg2 Qb7 23. g5 h5 24. Nd2 d5 25. cxd5 cxd5 26. f3 Bb4 27. exd5 Bxd5 28. c4 Bc6 29. Nc2 Bc3 30. Nb1 Bd4 31. Nd2 Rge8 32. Rf1 Bc5 33. Ne3 e4 34. f4 Rd3 35. f5 Red8 36. fxg6+ fxg6 37. Nb1 Qd7 38. Nd5 Bxd5 39. cxd5 Qxd5 40. Rxd3 exd3+ 41. Qf3 Qxf3+ 42. Kxf3 Rd4 43. Rh1 Kg7 44. Nd2 Kf7 45. Nc4 d2 46. Ke2 d1Q+ 47. Rxd1 Rxh4 48. Ne5+ Ke6 49. Nxg6 Rh2+ 50. Kf3 Kf5 51. Kg3 Rb2 52. Nh4+ Kxg5 53. Nf3+ Kg6 54. Rd3 Kf5 55. Nd2 Kg6 56. Ne4 Be7 57. Nd2 Rc2 58. Nc4 Bc5 59. Nd2 Rc1 60. Nf3 Rf1 61. Kg2 Rf2+ 62. Kg3 Re2 63. Nh4+ Kf6 64. Nf3 Re3 65. Rd5 h4+ 66. Kg2 h3+ 67. Kg3 Rxb3 68. Rh5 Bd6+ 69. Kg4 h2 70. Nxh2 Rb4+ 71. Kf3 Bxh2 72. Rxh2 Ke5 73. Ke3 Rxa4 74. Kd3 Kd5 75. Kc3 Re4 76. Rh5+ Kc6 77. Kb3 Kb7 0-1